Prime Meridian Subdivisions - Statistics

General Stats
  • This quiz has been taken 4 times
  • The average score is 14 of 29
Answer Stats
Hint Answer % Correct
Spain Aragon
100%
United Kingdom England
100%
Ghana Greater Accra
100%
France Normandie
100%
France Occitanie
100%
Ghana Eastern
75%
Burkina Faso Est
75%
Ghana Northern
75%
France Nouvelle-Aquitaine
75%
France Pays de la Loire
75%
Spain Valencia
75%
Algeria Adrar
25%
Algeria Béchar
25%
Bono East
25%
Algeria Bordj Badji Mokhtar
25%
Burkina Faso Centre-Est
25%
Algeria El Bayadh
25%
Mali Gao
25%
Mali Kidal
25%
Algeria Mostaganem
25%
Algeria Naâma
25%
Ghana Northern East
25%
Ghana Oti
25%
Burkina Faso Sahel
25%
Algeria Saïda
25%
Togo Savannes
25%
Algeria Sidi Bel Abbès
25%
Ghana Upper East
25%
Algeria Mascara
0%
No matching quizzes found
Score Distribution
Percent of People with Each Score
Percentile by Number Answered
Your Score History
You have not taken this quiz